| 000 | 00930cab a2200277 4500 | ||
|---|---|---|---|
| 001 | ABS46635 | ||
| 008 | 090401t1992 xxu||||| |||| 00| 0 eng d | ||
| 035 | _a(Sirsi) u58943 | ||
| 041 | _aeng | ||
| 100 | _aSexton, T. | ||
| 245 | _aHow to work with the new planning system | ||
| 260 | _c1992 | ||
| 350 | _a0 | ||
| 490 |
_aCS Monthly : Rural Practice _v1(9) June 1992, 6-7(2) |
||
| 520 | _aDescribes changes brought about to planning law due to the Planning and Compensation Act 1991, focusing on development plans, planning obligations and new powers of enforcement. | ||
| 650 | _aAGRICULTURAL UNIT | ||
| 650 | _aDEVELOPMENT PLANS | ||
| 650 | _aFISH FARMING | ||
| 650 | _aGENERAL DEVELOPMENT ORDER | ||
| 650 | _aPLANNING AND COMPENSATION ACT 1991 | ||
| 650 | _aPLANNING OBLIGATIONS | ||
| 650 | _aTOWN AND COUNTRY PLANNING ACT 1991 | ||
| 690 | _aPLANNING LAW AND PRACTICE | ||
| 942 | _n0 | ||
| 948 | _c04/03/1997 | ||
| 999 |
_c36069 _d36069 |
||